Variaciones en la comunidad animal alojada en el jardín zoológico de Barranquilla durante el período comprendido entre Septiembre 1987 - Marzo 1989 (Registro nro. 1816)

Detalles MARC
000 -CABECERA
Campo de control 00842nam a2200229 a 4500
005 - FECHA Y HORA DE LA ULTIMA TRANSACCION
Campo de control 20191224041614.0
008 - ELEMENTOS DE LONGITUD FIJA—INFORMACION GENERAL
Campo de control 140303b1989 ck ||||| |||| 00| 0 spa d
040 ## - FUENTE DE CATALOGACIÓN
Agencia catalogadora original CO-BoIAVH
Agencia transcriptora CO-BoIAVH
041 ## - IDIOMA
Código de idioma para texto/pista de sonido o título separado Español
044 ## - PAÍS DE PUBLICACIÓN
País de publicación Colombia
082 10 - NUMERO DE CLASIFICACION DECIMAL DEWEY
Número de clasificación 591.35
Número del ítem M84v
100 1# - ASIENTO PRINCIPAL--NOMBRE PERSONAL
Nombre personal Moreno Bejarano, Luz Myriam
9 (RLIN) 13223
245 1# - MENCION DE TITULO
Título Variaciones en la comunidad animal alojada en el jardín zoológico de Barranquilla durante el período comprendido entre Septiembre 1987 - Marzo 1989
260 ## - PUBLICACION, DISTRIBUCION, ETC. (PIE DE IMPRENTA)
Lugar de publicación, distribución, etc. Barranquilla:
Nombre del editor, distribuidor, etc. Empresas Públicas Municipales de Barranquilla,
-- Jardín Zoológico,
Fecha de publicación, distribución, etc. 1989.
300 ## - DESCRIPCION FISICA
Extensión 84 páginas
650 1# - ASIENTO SECUNDARIO DE MATERIA - TERMINO TEMATICO
Término temático o nombre geográfico como elemento de entrada Conservación ex situ
9 (RLIN) 4301
650 ## - ASIENTO SECUNDARIO DE MATERIA - TERMINO TEMATICO
Término temático o nombre geográfico como elemento de entrada Parques zoológicos
9 (RLIN) 7428
650 1# - ASIENTO SECUNDARIO DE MATERIA - TERMINO TEMATICO
Término temático o nombre geográfico como elemento de entrada Conservación de fauna
9 (RLIN) 4359
650 1# - ASIENTO SECUNDARIO DE MATERIA - TERMINO TEMATICO
Término temático o nombre geográfico como elemento de entrada Manejo de fauna
9 (RLIN) 3823
662 ## - ASIENTO SECUNDARIO DE MATERIA - JERARQUIA DEL NOMBRE DE LUGAR(
País o entidad mayor Colombia
Ciudad Barranquilla
Jurisdicción política de primer orden Atlántico
942 ## - ELEMENTOS ADICIONALES (KOHA)
Tipo de ítem Libro
Sistema de clasificación Dewey Decimal Classification
Existencias
Withdrawn status Lost status Sistema de Clasificación Damaged status No para préstamo Colección Inventariado Ubicación Permanente Ubicación actual Fecha de adquisición Fuente de Valor Valor Total Checkouts Número topográfico Inventario / Código de Barras Date last seen Ejemplar Price effective from Forma de adquisición Tipo de material
    Dewey Decimal Classification     General Inventariado 2017 Bogotá Bogotá 24/01/2001 Instituto 50000.00   LB-591.35 M84v 003597 04/12/2012 Ej. 1 04/12/2012   Libro